000 00424nam a22001577a 4500
020 _a0-19-272654-4
082 _a823
_bOXF/T
100 _aOXFORD
245 _aTUMBLEWEED DESERT
_bTHE MAGIC KEY
246 _aTUMBLEWEED DESERT
_bTHE MAGIC KEY- SHORT STORY
260 _aNEWYORK
_bOXFORD UNIVERSITTY PRESS
_c2001
300 _a12
520 _aTHE MAGIC KEY- SHORT STORY
650 _aTHE MAGIC KEY- SHORT STORY
942 _cBK
999 _c2250
_d2250